Test Quiz - Statistics

General Stats
  • This quiz has been taken 19 times
  • The average score is 16 of 18
Answers on the Map
Answers color-coded by a green-red scale on the quiz's map according to % correct below.
 
Answer Stats
Answer % Correct
Australia
100%
Chad
100%
Mexico
100%
Papua New Guinea
100%
Dominican Republic
94%
Ivory Coast
94%
Mozambique
94%
Paraguay
94%
Uruguay
94%
Honduras
88%
Iraq
88%
Myanmar
88%
Hungary
82%
Latvia
82%
New Zealand
82%
Venezuela
82%
Serbia
76%
Tajikistan
76%
No matching quizzes found
Score Distribution
Percent of People with Each Score
Percentile by Number Answered
Your Score History
You have not taken this quiz